000 00482nam a2200205Ia 4500
999 _c32531
_d32531
003 0100
005 20180308151647.0
008 130303s9999 xx 000 0 und d
020 _a0443007276
040 _cARRUPELIB
050 _aDT962.42G4 1971
100 _aGelfand, Michael
_99193
245 _aDiet and tradition in an African culture /
260 _aEdinburgh
_bE and S Livingstone
_c1971
300 _axi
300 _b 248p. 23cm.
650 _aMashona
_936265
650 _aDiet
_xMashonaland
_zRhodesia, Southern
_940408
942 0 0 _01
_2lcc
_cMONOGRAPH